Κατανοώντας τον καπιταλισμό : ανταγωνισμός, εντολή και μεταβολή στην οικονομία των ΗΠΑ

Αποθηκεύτηκε σε:
Λεπτομέρειες βιβλιογραφικής εγγραφής
Κύριοι συγγραφείς: Bowles, Samuel, Edwards, Richard, 1944- (Συγγραφέας)
Άλλοι συγγραφείς: Σταματάκης, Νικηφόρος (Μεταφραστής), Αθανασίου, Αθανάσιος Ευσ., 1945- (Μεταφραστής)
Μορφή: Βιβλίο
Γλώσσα:Greek
English
Δημοσίευση: Αθήνα : Gutenberg, 1994-1996.
Θέματα:
Ετικέτες: Προσθήκη ετικέτας
Δεν υπάρχουν, Καταχωρήστε ετικέτα πρώτοι!

MARC

LEADER 00000cam a2200000 i 4500
001 1/42685
008 970111m19941996gr | ||| |||| ||gre||
020 |a 9600105391 
020 |a 9600105383 
020 |a 9600105375 
035 |a 1997  |c ΓΡΑΜΜΑΤΕΙΑ ΜΥΤΙΛΗΝΗΣ  |l 10041829 
040 |a GR-MyUa  |b gre  |e AACR2 
041 1 |a gre  |h eng 
082 7 |a 330.122   |2 (22) 
100 1 |a Bowles, Samuel. 
245 1 0 |a Κατανοώντας τον καπιταλισμό :   |b ανταγωνισμός, εντολή και μεταβολή στην οικονομία των ΗΠΑ /   |c Samuel Bowles - Richard Edwards ; μετάφραση Θανάσης Αθανασίου, Νικηφόρος Σταματάκης.  
260 |a Αθήνα :   |b Gutenberg,   |c 1994-1996.  
300 |a 2 τ. ;   |c 24 εκ.  
650 0 |a Economics. 
650 0 |a Capitalism. 
700 1 |a Edwards, Richard,   |d 1944-  |e aut 
700 1 |a Σταματάκης, Νικηφόρος,  |e trl 
700 1 |a Αθανασίου, Αθανάσιος Ευσ.,   |d 1945-  |e trl 
765 0 8 |i Μετάφραση του:   |t Understanding capitalism:  
852 |a INST  |b LESVOS  |e 19970111  |h 330.122 BOW  |p 005100012089  |q 005100012089  |t BK  |y 0  |z τ.2. 
852 |a INST  |b LESVOS  |e 19970111  |h 330.122 BOW  |p 005100012090  |q 005100012090  |t BK  |y 0  |z τ.1. 
852 |a INST  |b LESVOS  |e 19980730  |h 330.122 BOW  |p 005100013739  |q 005100013739  |t BK  |y 0  |z τ.2. 
852 |a INST  |b LESVOS  |e 19980512  |h 330.122 BOW  |p 005100013740  |q 005100013740  |t BK  |y 0  |z τ.2. 
852 |a INST  |b LESVOS  |e 19980730  |h 330.122 BOW  |p 005100013741  |q 005100013741  |t BK  |y 0  |z τ.1. 
852 |a INST  |b LESVOS  |e 19980512  |h 330.122 BOW  |p 005100013742  |q 005100013742  |t BK  |y 0  |z τ.1. 
852 |a INST  |b LESVOS  |e 19970111  |h 330.122 BOW  |p 005100012089  |q 005100012089  |t BK  |v τ.2.:  |y 0  |z τ.2. 
852 |a INST  |b LESVOS  |e 19970111  |h 330.122 BOW  |p 005100012090  |q 005100012090  |t BK  |v τ.1.:  |y 0  |z τ.1. 
852 |a INST  |b LESVOS  |e 19980730  |h 330.122 BOW  |p 005100013739  |q 005100013739  |t BK  |v τ.2.:  |y 0  |z τ.2. 
852 |a INST  |b LESVOS  |e 19980512  |h 330.122 BOW  |p 005100013740  |q 005100013740  |t BK  |v τ.2.:  |y 0  |z τ.2. 
852 |a INST  |b LESVOS  |e 19980730  |h 330.122 BOW  |p 005100013741  |q 005100013741  |t BK  |v τ.1.:  |y 0  |z τ.1. 
852 |a INST  |b LESVOS  |e 19980512  |h 330.122 BOW  |p 005100013742  |q 005100013742  |t BK  |v τ.1.:  |y 0  |z τ.1. 
852 |a INST  |b SAMOS  |e 19980113  |h 330.122 BOW  |p 005300008645  |q 005300008645  |t BK  |y 0  |z τ.2 
852 |a INST  |b SAMOS  |e 19980113  |h 330.122 BOW  |p 005300008646  |q 005300008646  |t BK  |y 0  |z τ.1 
852 |a INST  |b SAMOS  |e 19980113  |h 330.122 BOW  |p 005300008645  |q 005300008645  |t BK  |v τ.2:  |y 0  |z τ.2 
852 |a INST  |b SAMOS  |e 19980113  |h 330.122 BOW  |p 005300008646  |q 005300008646  |t BK  |v τ.1:  |y 0  |z τ.1 
853 |a INST  |b LESVOS  |h 330.122 BOW 
853 |a INST  |b SAMOS  |h 330.122 BOW 
901 |a BIBL-1998-1 
922 |a 1ΕΛΗ  |b 199804  |c ΚΠΣ/ΤΓ  |d EMVASIS 
950 |a 118-1998-03-26 
950 |a 145/1996-02-06